Statistiques concernant Football par lettre - O

Cliquez ici pour prendre le quiz!

Statistiques générales

  • Ce quiz a été pris 364 fois
  • Le résultat moyen est 8 sur 16

Statistiques - réponses

HintRéponse% Correct
seul club français à avoir gagné la C1Olympique de Marseille
98%
club détenant le record de ligue 1 de rangOlympique lyonnais
96%
dribbleur fou et légende du NigériaJay-Jay Okocha
80%
milieu de terrain créateur d'origine turque passé par le Real et ArsenalMesut Ozil
79%
dernier ballon d'or anglaisMichael Owen
75%
Le théâtre des rêvesOld Trafford
58%
ailier argentin passé par Monaco et l'OMLucas Ocampos
57%
gardien qui a quitté les Lions IndomptablesAndré Onana
55%
le meilleur gardien de l'histoire de la Coupe du MondeGuillermo Ochoa
53%
Club commun de Balotelli, Sneijder et FontaineOGC Nice
48%
"Lions" en MLSOrlando City
47%
défenseur irlandais de Manchester United dans les années 2000John O'Shea
37%
club de JohannesburgOrlando Pirates
20%
légende néerlandaise ambidextreMarc Overmars
18%
l'autre moitié du Losc avec le SC FivesOlympique lillois
12%
auteur du coup franc de la victoire en coupe de France 2011Ludovic Obraniak
11%

Distribution des résultats

Percentile par nombre de réponses

% des personnes avec chaque résultat

Votre développement - résultats

Vous n’avez pas pris ce quiz